| 000 | 00492nam a2200193Ia 4500 | ||
|---|---|---|---|
| 003 | GCL | ||
| 008 | 140319s9999 xx 000 0 eng d | ||
| 040 |
_aGCL / _cGCL |
||
| 082 | 0 | 4 |
_a861 _bV P |
| 100 | 1 | _aVALENT, JOSE ANGEL | |
| 245 | 1 | 0 |
_aLES PALABRAS DE LA TRIBU / _cVALENT, JOSE ANGEL |
| 260 |
_a[S.N] : _bTUSQUETS EDITORES ، _c1994 |
||
| 300 | _a257 P | ||
| 650 | 0 | 4 | _aLITERATURE |
| 650 | 0 | 4 | _aPOETRY |
| 650 | 0 | 4 | _aSPANISH LITERATURE |
| 650 | 0 | 4 | _aSPANISH POETRY |
| 942 |
_2ddc _cBK |
||
| 999 |
_c15370 _d15370 |
||